00000000nam 2200000za 4500
0019.846675
003CaOODSP
00520221107153248
007cr |||||||||||
008171106s1949    onc     os   f000 0 eng d
040 |aCaOODSP|beng
043 |an-cn---
0861 |aCS81-D/81-1949E-PDF
24500|aStudents' cost of a year at canadian universities |h[electronic resource].
260 |aOttawa : |bDominion Bureau of Statistics, |c1949.
300 |a15 p.
4901 |aD.B.S. reference papers, 1949 ; |vno. 6
500 |aCaption title.
500 |aChiefly tables.
500 |aDigitized edition from print [produced by Statistics Canada].
520 |a“The tables on the following pages are based on a survey made by a committee of the National Federation of Canadian University Students assisted by the Education Division of the Dominion Bureau of Statistics. A questionnaire was sent out in sufficient quantity to have given a 10 p.c. sample of the students in several faculties of ten of the larger universities. While the response fell short of 10 p.c., the tables represent the experience of 1,291 single students during the academic year 1947-48. Of these 213 were women in Arts and Science. In order to extend the information to include at least one representative institution in each province, estimates based on the results of the survey were made for five additional centres"--p. [1].
530 |aIssued also in print format.
69207|2gccst|aPostsecondary education
69207|2gccst|aCosts
69207|2gccst|aStatistics
7101 |aCanada. |bDominion Bureau of Statistics.
830#0|aD.B.S. reference papers ;|vno. 6|w(CaOODSP)9.812168
85640|qPDF|s269 KB|uhttps://publications.gc.ca/collections/collection_2017/statcan/CS81-D-81-1949-eng.pdf
986 |a81-D-81